[Event "Windsor NAYCC U10"]
[Site "Windsor"]
[Date "2016.08.08"]
[Round "3.144"]
[White "Fu, Steven"]
[Black "Shlionsky, Ariah Leib"]
[Result "1-0"]
[WhiteElo "826"]
[BlackElo "1893"]
[PlyCount "107"]
[EventDate "2016.08.07"]
[EventType "swiss"]
[EventRounds "9"]
[EventCountry "CAN"]
[SourceTitle "EXT 2022"]
[Source "ChessBase"]
[SourceDate "2021.10.06"]
[SourceVersion "1"]
[SourceVersionDate "2021.10.06"]
[SourceQuality "1"]

1. e4 e5 2. Nf3 Nc6 3. Be2 Nf6 4. Nc3 d6 5. 0-0 Be7 6. d3 0-0 7. Be3 Ng4 8. Bd2 Be6 9. h3 Nf6 10. Be3 h6 11. d4 exd4 12. Nxd4 Nxd4 13. Bxd4 d5 14. Bxf6 Bxf6 15. exd5 Bxc3 16. dxe6 Qxd1 17. Raxd1 Bxb2 18. Rb1 Be5 19. exf7+ Rxf7 20. Bc4 b6 21. Bxf7+ Kxf7 22. g4 Bd6 23. Rfe1 Rf8 24. Rb3 Kg8 25. Rbe3 Bc5 26. R3e2 Kh7 27. Kg2 a5 28. f3 Rf7 29. Rd1 Kg8 30. Red2 Bd6 31. Re2 Kh7 32. Rd5 Kg8 33. Rf5 Rd7 34. Rd5 Rf7 35. h4 Kh7 36. h5 Rd7 37. Rd4 Rf7 38. Rde4 Bf8 39. Rd2 Bd6 40. Re8 Rf6 41. Rc8 Rf7 42. Re2 Bf8 43. Ree8 Kg8 44. Kg3 Rf6 45. f4 Rf7 46. f5 Rf6 47. Kf4 Rf7 48. Ke4 Rf6 49. Kd4 Rf7 50. Kc4 c5 51. Kb5 Rf6 52. c4 Rf7 53. Kxb6 a4 54. Rxc5 1-0